Lichtenštajnská prosperita
Lichtenštajnské kniežatstvo sa v posledných rokoch stalo jedným z európskych finančných centier. Zmena agrárnej krajiny na vyspelú ekonomickú. Rozvoj špičkového inžinierstva a elektrotechniky. Zamestnávanie cudzincov. Rozvoj finančných služieb.
Gespeichert in:
| 1. Verfasser: | |
|---|---|
| Format: | Buchkapitel |
| Sprache: | Slowakisch |
| Schlagworte: | |
| Tags: |
Keine Tags, Fügen Sie das erste Tag hinzu!
|
MARC
| LEADER | 00000naa$a2200000$$$4500 | ||
|---|---|---|---|
| 001 | 0027837 | ||
| 005 | 20231009070156.3 | ||
| 041 | 0 | |a slo | |
| 044 | |a SK | ||
| 245 | 1 | 0 | |a Lichtenštajnská prosperita |c Stanislav Šášky |
| 520 | |a Lichtenštajnské kniežatstvo sa v posledných rokoch stalo jedným z európskych finančných centier. Zmena agrárnej krajiny na vyspelú ekonomickú. Rozvoj špičkového inžinierstva a elektrotechniky. Zamestnávanie cudzincov. Rozvoj finančných služieb. | ||
| 610 | 2 | 0 | |a bankovníctvo |
| 610 | 2 | 0 | |a služby finančné |
| 610 | 2 | 0 | |a priemysel |
| 610 | 2 | 0 | |a poľnohospodárstvo |
| 610 | 2 | 0 | |a rozvoj hospodársky |
| 610 | 2 | 0 | |a zamestnanosť |
| 610 | 2 | 0 | |a cudzinci |
| 610 | 2 | 0 | |a Lichtenštajnsko |
| 100 | 1 | |a Šášky, Stanislav | |